000 00314nam a2200133Ia 4500
005 20260328104308.0
008 260328s9999||||xx |||||||||||||| ||und||
100 _aVargas, Mario
245 0 _aEl SueƱo del Celta /
_cMario Vargas
260 _bAlfaguara
300 _a453 p.
650 _aNOVELAS
942 _cBK
999 _c10861
_d10861